000 01149nam0a22002651 4500
001 rc\3025530
005 20250806201513.0
035 _a(NLR Aleph) 007166955
090 _a25034
_c25034
100 _a20110929d1944 u y0rusy50 ca
101 0 _arus
102 _aRU
105 _aa z |||||
200 1 _aОтепление временных водопроводов электроподогревом
_e[Способ инж. М.И. Богданова]
210 _a[Москва]
_cСтройиздат
_d1944
215 _a7 с.
_cчерт.
_d20 см
225 1 _aИзобретения и технические усовершенствования
_fНар. ком. по стр-ву СССР, Техн. упр. Бюро по делам изобретательства
712 0 1 _aСССР
_bНародный комиссариат по строительству
_bТехническое управление
_4570
801 0 _aRU
_bNLR
_gpsbo
801 1 _aRU
_bELAR
_2rusmarc
852 _aNLR
_bПт
_j02 Г-4/29
942 _cBOOK
945 _aРоссийская национальная библиотека
980 _aNB
980 _aBV